| 000 | 00000nas 2200000za 4500 |
| 001 | 9.500669 |
| 003 | CaOODSP |
| 005 | 20221107132909 |
| 007 | cr ||||||||||| |
| 008 | 150406d20012010oncar p o f0 a0eng|d |
| 022 | |a1916-6362 |
| 040 | |aCaOODSP|beng |
| 041 | |aeng|afre |
| 043 | |an-cn--- |
| 086 | 1 |aFs47-1-PDF |
| 245 | 00|aAZMP bulletin |h[electronic resource] / |cAtlantic Zone Monitoring Program = Bulletin PMZA / Programme de monitorage de la zone Atlantique. |
| 246 | 11|aBulletin PMZA |
| 246 | 3 |aAtlantic Zone Monitoring Program bulletin |
| 260 | |aOttawa : |bFisheries and Oceans Canada = Pêches et Océans Canada, |c[2001-2010]. |
| 310 | |aAnnual |
| 362 | 1 |aBegan with no. 1, November 2001; ceased with no. 9, 2010? |
| 500 | |aTitle from caption. |
| 546 | |aText in English and French. |
| 690 | 07|aNavigation systems|2gcpds |
| 710 | 1 |aCanada. |bDepartment of Fisheries and Oceans. |
| 792 | |tAZMP bulletin |efre|w(CaOODSP)9.500670 |